000 00460nmm a2200181Ia 4500
008 251105s9999||||xx |||||||||||||||||und||
041 _aspa
100 _aHansen, Andrea
245 0 _aUn nuevo amigo
264 _a[Madrid, España] :
_bSaga Egmont,
_c2019
300 _a14 páginas
490 _aLUST
650 _aErotic novel
700 _aHansen, Andrea
700 1 _a Lust
856 _uhttps://public.digitaliapublishing.com/a/99094
942 _cCF
999 _c66707
_d66707